000 00431nmm a2200157Ia 4500
008 251105s9999||||xx |||||||||||||||||und||
020 _a9789580613480
041 _aspa
100 _aPeña Calderón, Leonardo
245 0 _aMeco
264 _a[Bogotá, Colombia] :
_bOveja Negra,
_c2016
300 _a47 páginas
650 _aLatin American narrative
856 _uhttps://public.digitaliapublishing.com/a/46710
942 _cCF
999 _c94988
_d94988